Ozveny okupácie

Bibliographic Details
Other Authors: Bielik, Ladislav, 1939-1984 (Photographer)
Format: Article
Language:Slovak
PhysicalDescription:Fotografie
ISSN:1336-1910
Subjects:
Online Access:http://www.mosr.sk/data/disk/casopis/Obrana_08_2018.pdf

MARC

LEADER 00000nab a2200000 4500
001 vtls011777795
003 SK-MaSNL
005 20260305020439.0
008 180910 2018 xo 000 0 slo
015 |a SNBRB2018/08  |2 LMAOSK 
040 |a LMAOSK  |b slo  |c LMAOSK  |e rda 
041 0 |a slo 
043 |a e-cs--- 
044 |a xo  |c SK 
072 7 |a 94(437)  |x Dejiny Československa  |2 konspekt 
080 |a (0:82-94)  |2 2011 
080 |a (046)  |2 2011 
080 |a 94(437)  |2 2011 
080 |a 94(437)"1968"  |2 2011 
245 0 0 |a Ozveny okupácie  |c pripravili: Pavol Vitko, Jozef Žiak, Miloslav Ščepka ; foto: Ladislav Bielik 
246 3 0 |a August 1968: koniec snov o ľudskej tvári 
300 |b Fotografie 
336 |a text  |b txt  |2 rdacontent 
337 |a bez média  |b n  |2 rdamedia 
338 |a zväzok  |b nc  |2 rdacarrier 
500 |a Na august 1968 spomínajú: podplukovník v.v. Zdeněk Král, plukovník v.v. Tomáš Švec, generálporučík v.v. Pavel Honzek, Emil Gallo, Anna Bělohoubková, Ladislav Bielik 
500 |a Téma: August 1968: koniec snov o ľudskej tvári 
650 0 7 |a August (1968 : Československo)  |2 SNKPH  |9 68467 
651 7 |a Československo  |x dejiny  |2 SNKPH  |9 161432 
655 7 |a spomienky  |2 SNKPH  |9 29509 
655 7 |a články  |2 SNKPH  |9 70601 
700 1 |a Vitko, Pavol,  |d 1964-  |4 oth  |9 219103 
700 1 |a Žiak, Jozef  |4 oth  |9 11588 
700 1 |a Ščepka, Miloslav  |4 oth  |9 268402 
700 1 |a Bielik, Ladislav,  |d 1939-1984  |4 pht  |9 41229 
773 0 |t Obrana  |g Roč. XXVI, č. 8 (2018), s. 20-23  |x 1336-1910 
852 |a LMAOSK  |b KIS3GCP 
856 4 1 |u http://www.mosr.sk/data/disk/casopis/Obrana_08_2018.pdf 
958 |a NB 
999 |c 3280725  |d 3282655